00450nam a22001577a 450000500170000001000150001702000260003203500140005803700130007208200110008510000190009624500710011526000400018627000460022630000200027220240404171445.0 aENG-139657 c295.00a9788170493853 aEN-123189 bDBAD/PUB a345.43 aGuruprasad D V aCommon Man's Guide To Police and Criminal Law/cBy D V Guruprasad  aDaryaganjbManas Publicationsc2011 b New Delhia4402/5-A, Ansari Roade110002 a162p;c23cm(Hb)